[Event "DEM U16w 2017"]
[Site "Willingen GER"]
[Date "2017.06.07"]
[Round "6"]
[White "Browning, Rebecca"]
[Black "Schulze, Lara"]
[Result "1/2-1/2"]
[Termination "normal"]
[Board "1"]
[BlackTitle "WFM"]
[WhiteElo "1777"]
[BlackElo "2171"]
[WhiteClock "00:48:10"]
[BlackClock "00:01:34"]
[PlyCount "151"]
[WhiteFideId "12984027"]
[BlackFideId "12956830"]
[EventCountry "GER"]
[EventRounds "9"]
[EventType "swiss"]
[EventDate "2017.06.03"]

1. e4 {[%clk 1:30:59]} 1... c5 {[%clk 1:30:58]} 2. d4 {[%clk 1:31:18]} 2...
cxd4 {[%clk 1:31:22]} 3. c3 {[%clk 1:31:43]} 3... dxc3 {[%clk 1:31:47]} 4. Nxc3
{[%clk 1:32:09]} 4... e6 {[%clk 1:32:07]} 5. Nf3 {[%clk 1:32:13]} 5... a6 {
[%clk 1:32:27]} 6. Bc4 {[%clk 1:31:22]} 6... Nc6 {[%clk 1:32:46]} 7. O-O {
[%clk 1:31:32]} 7... Nge7 {[%clk 1:33:05]} 8. Bg5 {[%clk 1:30:30]} 8... f6 {
[%clk 1:33:12]} 9. Be3 {[%clk 1:30:40]} 9... b5 {[%clk 1:33:20]} 10. Bb3 {
[%clk 1:30:28]} 10... Bb7 {[%clk 1:33:29]} 11. a3 {[%clk 1:26:56]} 11... Na5 {
[%clk 1:23:02]} 12. Ba2 {[%clk 1:26:13]} 12... Rc8 {[%clk 1:14:15]} 13. Qe2 {
[%clk 1:22:10]} 13... Nc4 {[%clk 0:59:00]} 14. Rfd1 {[%clk 1:14:01]} 14... Nxe3
{[%clk 0:38:19]} 15. Qxe3 {[%clk 1:13:56]} 15... Qc7 {[%clk 0:38:16]} 16. Rac1
{[%clk 1:13:37]} 16... Bc6 {[%clk 0:32:59]} 17. Nd4 {[%clk 1:12:38]} 17... Qb6
{[%clk 0:29:27]} 18. Ndxb5 {[%clk 1:10:01]} 18... Qxe3 {[%clk 0:28:35]} 19.
Nd6+ {[%clk 1:10:24]} 19... Kd8 {[%clk 0:29:05]} 20. fxe3 {[%clk 1:10:49]}
20... Kc7 {[%clk 0:26:30]} 21. Nxc8 {[%clk 1:09:50]} 21... Nxc8 {[%clk 0:26:59]
} 22. Ne2 {[%clk 1:08:03]} 22... Kb8 {[%clk 0:22:25]} 23. Nd4 {[%clk 1:07:18]}
23... Bb7 {[%clk 0:20:08]} 24. b4 {[%clk 1:04:13]} 24... Be7 {[%clk 0:19:15]}
25. Nb3 {[%clk 1:03:28]} 25... Rd8 {[%clk 0:17:13]} 26. Nc5 {[%clk 1:03:21]}
26... Bxc5 {[%clk 0:14:09]} 27. bxc5 {[%clk 1:01:24]} 27... Kc7 {[%clk 0:14:34]
} 28. Bc4 {[%clk 0:55:58]} 28... Ne7 {[%clk 0:13:46]} 29. Bd3 {[%clk 0:54:34]}
29... Nc6 {[%clk 0:13:30]} 30. Rb1 {[%clk 0:54:09]} 30... Ne5 {[%clk 0:13:00]}
31. Be2 {[%clk 0:50:18]} 31... Bxe4 {[%clk 0:10:24]} 32. Rb6 {[%clk 0:49:36]}
32... a5 {[%clk 0:10:05]} 33. Ra6 {[%clk 0:45:45]} 33... Ra8 {[%clk 0:09:58]}
34. Rxa8 {[%clk 0:45:16]} 34... Bxa8 {[%clk 0:10:26]} 35. Kf2 {[%clk 0:43:49]}
35... Bd5 {[%clk 0:09:13]} 36. Rc1 {[%clk 0:39:16]} 36... Kc6 {[%clk 0:05:52]}
37. a4 {[%clk 0:38:23]} 37... Bb3 {[%clk 0:05:22]} 38. Bb5+ {[%clk 0:38:46]}
38... Kd5 {[%clk 0:04:57]} 39. Rc3 {[%clk 0:37:50]} 39... Bc4 {[%clk 0:03:14]}
40. Bxc4+ {[%clk 0:34:54]} 40... Nxc4 {[%clk 0:03:42]} 41. Rb3 {[%clk 0:32:44]}
41... Kxc5 {[%clk 0:03:02]} 42. Rb5+ {[%clk 0:33:05]} 42... Kc6 {[%clk 0:03:14]
} 43. Ke2 {[%clk 0:30:58]} 43... d5 {[%clk 0:02:07]} 44. Kd3 {[%clk 0:29:57]}
44... f5 {[%clk 0:01:02]} 45. Kc3 {[%clk 0:23:50]} 45... Nxe3 {[%clk 0:20:34]}
46. Rxa5 {[%clk 0:53:16]} 46... e5 {[%clk 0:16:21]} 47. Ra7 {[%clk 0:50:32]}
47... d4+ {[%clk 0:14:37]} 48. Kd3 {[%clk 0:50:05]} 48... Nxg2 {[%clk 0:13:54]}
49. Rxg7 {[%clk 0:49:52]} 49... Nf4+ {[%clk 0:13:16]} 50. Kc4 {[%clk 0:49:41]}
50... d3 {[%clk 0:09:12]} 51. Kc3 {[%clk 0:49:10]} 51... e4 {[%clk 0:07:59]}
52. Rxh7 {[%clk 0:47:50]} 52... e3 {[%clk 0:06:31]} 53. Rg7 {[%clk 0:46:44]}
53... d2 {[%clk 0:04:15]} 54. Kc2 {[%clk 0:46:13]} 54... Nh3 {[%clk 0:02:59]}
55. a5 {[%clk 0:52:20]} 55... Nf2 {[%clk 0:05:04]} 56. Rg1 {[%clk 0:51:40]}
56... Ne4 {[%clk 0:02:38]} 57. Kd3 {[%clk 0:47:15]} 57... f4 {[%clk 0:02:58]}
58. h4 {[%clk 0:46:14]} 58... Ng3 {[%clk 0:01:00]} 59. Rb1 {[%clk 0:45:21]}
59... Nf5 {[%clk 0:00:45]} 60. a6 {[%clk 0:44:59]} 60... f3 {[%clk 0:00:55]}
61. a7 {[%clk 0:45:18]} 61... d1=Q+ {[%clk 0:00:59]} 62. Rxd1 {[%clk 0:45:31]}
62... Kb7 {[%clk 0:01:28]} 63. Rb1+ {[%clk 0:45:33]} 63... Kxa7 {[%clk 0:01:50]
} 64. Ke4 {[%clk 0:45:28]} 64... f2 {[%clk 0:00:45]} 65. Kf3 {[%clk 0:45:40]}
65... Nxh4+ {[%clk 0:00:42]} 66. Kxe3 {[%clk 0:46:00]} 66... Nf5+ { [%clk
0:01:09]} 67. Kxf2 {[%clk 0:46:20]} 67... Nd6 {[%clk 0:01:34]} 68. Ke3 { [%clk
0:46:38]} 68... Nb7 {[%clk 0:01:28]} 69. Kd4 {[%clk 0:46:53]} 69... Kb8 { [%clk
0:01:29]} 70. Kd5 {[%clk 0:47:08]} 70... Kc7 {[%clk 0:01:53]} 71. Rc1+ { [%clk
0:47:15]} 71... Kb6 {[%clk 0:01:52]} 72. Rc2 {[%clk 0:47:35]} 72... Na5 { [%clk
0:01:43]} 73. Rb2+ {[%clk 0:47:46]} 73... Kc7 {[%clk 0:01:34]} 74. Rb4 { [%clk
0:47:59]} 74... Nb7 {[%clk 0:01:34]} 75. Rh4 {[%clk 0:48:10]} 75... Kb6 76.
Rb4+ 1/2-1/2

[Event "DEM U16w 2017"]
[Site "Willingen GER"]
[Date "2017.06.07"]
[Round "6"]
[White "Poetsch, Leonore"]
[Black "Kolb, Verena"]
[Result "1-0"]
[Termination "normal"]
[Board "2"]
[WhiteElo "1959"]
[BlackElo "1673"]
[WhiteClock "00:46:34"]
[BlackClock "00:06:03"]
[PlyCount "85"]
[WhiteFideId "12940372"]
[BlackFideId "12992313"]
[EventCountry "GER"]
[EventRounds "9"]
[EventType "swiss"]
[EventDate "2017.06.03"]

1. e4 {[%clk 1:30:57]} 1... e6 {[%clk 1:30:58]} 2. d4 {[%clk 1:31:21]} 2... d5
{[%clk 1:31:25]} 3. Nd2 {[%clk 1:31:46]} 3... dxe4 {[%clk 1:31:48]} 4. Nxe4 {
[%clk 1:32:12]} 4... Bd7 {[%clk 1:32:14]} 5. Nf3 {[%clk 1:32:23]} 5... Bc6 {
[%clk 1:32:37]} 6. Bd3 {[%clk 1:32:45]} 6... Nd7 {[%clk 1:32:51]} 7. O-O {
[%clk 1:32:53]} 7... Ngf6 {[%clk 1:33:16]} 8. Bg5 {[%clk 1:32:38]} 8... Be7 {
[%clk 1:32:55]} 9. Nxf6+ {[%clk 1:32:31]} 9... Bxf6 {[%clk 1:29:59]} 10. Bxf6 {
[%clk 1:32:47]} 10... Qxf6 {[%clk 1:25:47]} 11. Be2 {[%clk 1:32:17]} 11... O-O
{[%clk 1:25:01]} 12. Re1 {[%clk 1:31:48]} 12... Rad8 {[%clk 1:23:56]} 13. c3 {
[%clk 1:31:10]} 13... b6 {[%clk 1:16:47]} 14. Qc2 {[%clk 1:29:36]} 14... Bb7 {
[%clk 1:16:41]} 15. Rad1 {[%clk 1:26:36]} 15... c5 {[%clk 1:11:33]} 16. a4 {
[%clk 1:21:58]} 16... cxd4 {[%clk 1:05:04]} 17. Nxd4 {[%clk 1:20:39]} 17... Ne5
{[%clk 1:01:09]} 18. f3 {[%clk 1:14:24]} 18... Nc6 {[%clk 0:59:07]} 19. Nb5 {
[%clk 1:11:11]} 19... Qe7 {[%clk 0:54:25]} 20. Bd3 {[%clk 1:06:37]} 20... h6 {
[%clk 0:51:58]} 21. Qf2 {[%clk 1:02:53]} 21... Rd7 {[%clk 0:42:11]} 22. Rd2 {
[%clk 1:00:42]} 22... Rfd8 {[%clk 0:39:32]} 23. Red1 {[%clk 0:59:38]} 23... Ne5
{[%clk 0:37:05]} 24. Bf1 {[%clk 0:58:40]} 24... Rxd2 {[%clk 0:21:15]} 25. Rxd2
{[%clk 0:59:05]} 25... Rxd2 {[%clk 0:21:36]} 26. Qxd2 {[%clk 0:59:31]} 26...
Qc5+ {[%clk 0:21:25]} 27. Kh1 {[%clk 0:52:52]} 27... Nc4 {[%clk 0:11:11]} 28.
Qd8+ {[%clk 0:52:28]} 28... Kh7 {[%clk 0:11:31]} 29. Qd3+ {[%clk 0:52:42]}
29... f5 {[%clk 0:10:03]} 30. Qxc4 {[%clk 0:52:33]} 30... Qf2 {[%clk 0:08:39]}
31. Qe2 {[%clk 0:49:03]} 31... Qh4 {[%clk 0:08:34]} 32. Qxe6 {[%clk 0:48:15]}
32... Qxa4 {[%clk 0:08:40]} 33. Qxf5+ {[%clk 0:48:19]} 33... Kh8 { [%clk
0:06:57]} 34. Qf8+ {[%clk 0:47:35]} 34... Kh7 {[%clk 0:07:05]} 35. Bd3+ { [%clk
0:47:53]} 35... g6 {[%clk 0:07:13]} 36. Qf7+ {[%clk 0:48:03]} 36... Kh8 { [%clk
0:07:38]} 37. Qf6+ {[%clk 0:48:21]} 37... Kg8 {[%clk 0:07:53]} 38. Qxg6+ {[%clk
0:48:30]} 38... Kf8 {[%clk 0:08:12]} 39. Qxh6+ {[%clk 0:48:35]} 39... Ke8
{[%clk 0:08:15]} 40. Nd6+ {[%clk 0:46:04]} 40... Ke7 {[%clk 0:07:43]} 41. Nf5+
{[%clk 0:46:14]} 41... Ke8 {[%clk 0:06:33]} 42. Qe3+ {[%clk 0:46:19]} 42... Kd7
{[%clk 0:06:03]} 43. Qd4+ {[%clk 0:46:34]} 1-0

[Event "DEM U16w 2017"]
[Site "Willingen GER"]
[Date "2017.06.07"]
[Round "6"]
[White "Ehmann, Johanna"]
[Black "Köhler, Inken"]
[Result "0-1"]
[Termination "normal"]
[Board "4"]
[WhiteElo "1777"]
[BlackElo "1870"]
[WhiteClock "00:21:34"]
[BlackClock "00:20:32"]
[PlyCount "98"]
[WhiteFideId "12953130"]
[BlackFideId "12929301"]
[EventCountry "GER"]
[EventRounds "9"]
[EventType "swiss"]
[EventDate "2017.06.03"]

1. e4 {[%clk 1:30:58]} 1... d6 {[%clk 1:30:52]} 2. Bc4 {[%clk 1:31:04]} 2...
Nf6 {[%clk 1:30:56]} 3. d3 {[%clk 1:31:00]} 3... g6 {[%clk 1:29:57]} 4. f4 {
[%clk 1:30:11]} 4... Bg7 {[%clk 1:29:48]} 5. Nf3 {[%clk 1:29:37]} 5... c6 {
[%clk 1:28:59]} 6. c3 {[%clk 1:26:32]} 6... Nbd7 {[%clk 1:28:00]} 7. O-O {
[%clk 1:23:29]} 7... O-O {[%clk 1:23:05]} 8. Kh1 {[%clk 1:20:11]} 8... b5 {
[%clk 1:21:44]} 9. Bb3 {[%clk 1:20:02]} 9... Qc7 {[%clk 1:18:13]} 10. Qe1 {
[%clk 1:16:08]} 10... c5 {[%clk 1:06:54]} 11. e5 {[%clk 1:14:02]} 11... dxe5 {
[%clk 1:03:56]} 12. fxe5 {[%clk 1:13:07]} 12... Ng4 {[%clk 1:03:45]} 13. e6 {
[%clk 1:06:25]} 13... Nde5 {[%clk 1:01:30]} 14. Nxe5 {[%clk 0:59:47]} 14...
Bxe5 {[%clk 0:58:37]} 15. Qh4 {[%clk 0:54:01]} 15... f5 {[%clk 0:54:53]} 16.
Bh6 {[%clk 0:33:06]} 16... Nxh6 {[%clk 0:41:34]} 17. Qxh6 {[%clk 0:33:26]}
17... c4 {[%clk 0:40:47]} 18. dxc4 {[%clk 0:29:53]} 18... bxc4 {[%clk 0:41:08]}
19. Bc2 {[%clk 0:27:31]} 19... Bxe6 {[%clk 0:40:58]} 20. Nd2 {[%clk 0:25:44]}
20... Bd5 {[%clk 0:39:16]} 21. Nf3 {[%clk 0:24:10]} 21... Bg7 {[%clk 0:38:30]}
22. Qe3 {[%clk 0:21:04]} 22... e5 {[%clk 0:37:18]} 23. Rad1 {[%clk 0:20:04]}
23... Rad8 {[%clk 0:36:21]} 24. Rfe1 {[%clk 0:18:57]} 24... Rfe8 { [%clk
0:33:10]} 25. Rd2 {[%clk 0:17:28]} 25... e4 {[%clk 0:16:58]} 26. Nd4 { [%clk
0:16:55]} 26... Be5 {[%clk 0:17:16]} 27. Nb5 {[%clk 0:15:11]} 27... Qb8 { [%clk
0:17:12]} 28. Qc5 {[%clk 0:14:04]} 28... Bf7 {[%clk 0:16:38]} 29. Rxd8 { [%clk
0:12:56]} 29... Rxd8 {[%clk 0:16:48]} 30. Nd4 {[%clk 0:11:30]} 30... Rd5 {[%clk
0:14:09]} 31. Qa3 {[%clk 0:08:29]} 31... Bxd4 {[%clk 0:13:59]} 32. cxd4 {[%clk
0:08:52]} 32... Rxd4 {[%clk 0:14:18]} 33. Qc3 {[%clk 0:08:35]} 33... Rd8 {[%clk
0:13:25]} 34. b3 {[%clk 0:07:43]} 34... cxb3 {[%clk 0:11:43]} 35. Bxb3 { [%clk
0:07:05]} 35... Qd6 {[%clk 0:10:49]} 36. Qe3 {[%clk 0:04:43]} 36... Qd4 { [%clk
0:08:49]} 37. Bxf7+ {[%clk 0:04:36]} 37... Kxf7 {[%clk 0:09:11]} 38. Qb3+
{[%clk 0:04:10]} 38... Qd5 {[%clk 0:08:48]} 39. Qa4 {[%clk 0:03:16]} 39... Rd7
{[%clk 0:07:55]} 40. Qc2 {[%clk 0:02:22]} 40... Qd3 {[%clk 0:06:56]} 41. Qa4 {
[%clk 0:00:35]} 41... Qd2 {[%clk 0:02:33]} 42. Rf1 {[%clk 0:29:21]} 42... e3 {
[%clk 0:31:36]} 43. Qc4+ {[%clk 0:27:38]} 43... Kg7 {[%clk 0:31:50]} 44. Qe6 {
[%clk 0:26:49]} 44... e2 {[%clk 0:31:17]} 45. Rg1 {[%clk 0:26:42]} 45... Rd4 {
[%clk 0:21:06]} 46. Qe7+ {[%clk 0:24:21]} 46... Kh6 {[%clk 0:21:27]} 47. Qf8+ {
[%clk 0:22:11]} 47... Kh5 {[%clk 0:21:48]} 48. Qf7 48... e1=Q {[%clk 0:20:08]}
49. Qxh7+ {[%clk 0:21:34]} 49... Kg5 {[%clk 0:20:32]} 0-1

[Event "DEM U16w 2017"]
[Site "Willingen GER"]
[Date "2017.06.07"]
[Round "6"]
[White "Manco, Michela"]
[Black "Flach, Helene"]
[Result "1/2-1/2"]
[Termination "normal"]
[Board "5"]
[WhiteElo "1677"]
[BlackElo "1870"]
[WhiteClock "00:19:58"]
[BlackClock "00:08:36"]
[PlyCount "100"]
[WhiteFideId "12943908"]
[BlackFideId "12929735"]
[EventCountry "GER"]
[EventRounds "9"]
[EventType "swiss"]
[EventDate "2017.06.03"]

1. d4 {[%clk 1:30:59]} 1... d5 {[%clk 1:30:51]} 2. Nf3 {[%clk 1:31:24]} 2...
Nf6 {[%clk 1:31:12]} 3. e3 {[%clk 1:31:50]} 3... e6 {[%clk 1:31:31]} 4. Bd3 {
[%clk 1:32:16]} 4... Be7 {[%clk 1:31:44]} 5. O-O {[%clk 1:32:36]} 5... O-O {
[%clk 1:31:52]} 6. Nbd2 {[%clk 1:32:46]} 6... Nbd7 {[%clk 1:31:22]} 7. Ne5 {
[%clk 1:32:53]} 7... c5 {[%clk 1:25:54]} 8. b3 {[%clk 1:30:58]} 8... Re8 {
[%clk 1:15:22]} 9. f4 {[%clk 1:29:48]} 9... Qc7 {[%clk 1:11:55]} 10. Bb2 {
[%clk 1:26:05]} 10... b6 {[%clk 1:11:18]} 11. Qf3 {[%clk 1:14:57]} 11... Bb7 {
[%clk 1:08:18]} 12. Qh3 {[%clk 1:13:36]} 12... Nf8 {[%clk 0:46:23]} 13. g4 {
[%clk 1:09:04]} 13... Ne4 {[%clk 0:32:14]} 14. Rad1 {[%clk 0:59:10]} 14... f6 {
[%clk 0:26:18]} 15. Nef3 {[%clk 0:58:48]} 15... Bd6 {[%clk 0:25:46]} 16. g5 {
[%clk 0:55:11]} 16... f5 {[%clk 0:24:39]} 17. c4 {[%clk 0:46:24]} 17... Ng6 {
[%clk 0:22:57]} 18. Ne5 {[%clk 0:43:17]} 18... Bxe5 {[%clk 0:19:33]} 19. dxe5 {
[%clk 0:42:52]} 19... Qf7 {[%clk 0:18:55]} 20. Be2 {[%clk 0:39:51]} 20... Rad8
{[%clk 0:18:00]} 21. Nxe4 {[%clk 0:38:12]} 21... dxe4 {[%clk 0:18:06]} 22. Rd6
{[%clk 0:30:59]} 22... Rxd6 {[%clk 0:17:37]} 23. exd6 {[%clk 0:31:24]} 23...
Rd8 {[%clk 0:15:27]} 24. Be5 {[%clk 0:30:38]} 24... Nxe5 {[%clk 0:14:07]} 25.
fxe5 {[%clk 0:31:02]} 25... Bc6 {[%clk 0:13:07]} 26. Qg3 {[%clk 0:29:24]} 26...
Qb7 {[%clk 0:12:30]} 27. Qe1 {[%clk 0:27:28]} 27... Bd7 {[%clk 0:11:02]} 28.
Qc3 {[%clk 0:26:40]} 28... Rc8 {[%clk 0:10:21]} 29. a3 {[%clk 0:23:59]} 29...
Qa6 {[%clk 0:04:31]} 30. Ra1 {[%clk 0:21:34]} 30... Qb7 {[%clk 0:04:05]} 31.
Kf2 {[%clk 0:21:00]} 31... Ra8 {[%clk 0:03:34]} 32. b4 {[%clk 0:20:34]} 32...
Rb8 {[%clk 0:03:38]} 33. Rb1 {[%clk 0:20:03]} 33... Rc8 {[%clk 0:03:47]} 34.
Qb3 {[%clk 0:18:12]} 34... Qa6 {[%clk 0:03:16]} 35. Rc1 {[%clk 0:16:03]} 35...
Qb7 {[%clk 0:03:34]} 36. Ra1 {[%clk 0:12:15]} 36... Qa6 {[%clk 0:03:33]} 37.
Ra2 {[%clk 0:11:22]} 37... Qb7 {[%clk 0:03:49]} 38. a4 {[%clk 0:11:08]} 38...
Qa8 {[%clk 0:01:37]} 39. a5 {[%clk 0:10:17]} 39... Qb7 {[%clk 0:00:46]} 40.
axb6 {[%clk 0:07:11]} 40... axb6 {[%clk 0:01:10]} 41. bxc5 {[%clk 0:06:31]}
41... Rxc5 {[%clk 0:01:25]} 42. Rb2 {[%clk 0:06:07]} 42... b5 {[%clk 0:26:29]}
43. cxb5 {[%clk 0:34:52]} 43... Qb6 {[%clk 0:23:33]} 44. Qa4 {[%clk 0:33:01]}
44... Qb8 {[%clk 0:19:41]} 45. Qa3 {[%clk 0:30:35]} 45... Rxe5 {[%clk 0:13:21]}
46. b6 {[%clk 0:28:11]} 46... Bc6 {[%clk 0:12:48]} 47. b7 {[%clk 0:22:47]}
47... Bxb7 {[%clk 0:10:28]} 48. d7 {[%clk 0:22:34]} 48... Rd5 {[%clk 0:09:15]}
49. Qe7 {[%clk 0:21:22]} 49... Qxh2+ {[%clk 0:08:36]} 50. Kf1 {[%clk 0:19:58]}
50... Qh1+ {[%clk 0:08:36]} 1/2-1/2

[Event "DEM U16w 2017"]
[Site "Willingen GER"]
[Date "2017.06.07"]
[Round "6"]
[White "Mütsch, Annmarie"]
[Black "Könze, Heike"]
[Result "1-0"]
[Termination "normal"]
[Board "6"]
[WhiteElo "2124"]
[BlackElo "1769"]
[WhiteClock "00:22:49"]
[BlackClock "01:06:45"]
[PlyCount "87"]
[WhiteFideId "12971367"]
[BlackFideId "12964476"]
[EventCountry "GER"]
[EventRounds "9"]
[EventType "swiss"]
[EventDate "2017.06.03"]

1. e4 {[%clk 1:30:58]} 1... c5 {[%clk 1:30:54]} 2. Nf3 {[%clk 1:31:24]} 2... d6
{[%clk 1:31:18]} 3. d4 {[%clk 1:31:50]} 3... cxd4 {[%clk 1:31:44]} 4. Nxd4 {
[%clk 1:32:15]} 4... Nf6 {[%clk 1:32:06]} 5. Nc3 {[%clk 1:32:40]} 5... a6 {
[%clk 1:32:31]} 6. Be3 {[%clk 1:33:04]} 6... e5 {[%clk 1:32:51]} 7. Nb3 { [%clk
1:33:29]} 7... Be7 {[%clk 1:33:09]} 8. h3 {[%clk 1:33:42]} 8... Be6 { [%clk
1:33:12]} 9. f4 {[%clk 1:33:46]} 9... exf4 {[%clk 1:32:48]} 10. Bxf4 { [%clk
1:34:10]} 10... Nc6 {[%clk 1:32:49]} 11. Qe2 {[%clk 1:34:00]} 11... Ne5 { [%clk
1:32:10]} 12. O-O-O {[%clk 1:33:03]} 12... Qc7 {[%clk 1:32:19]} 13. g4 { [%clk
1:31:53]} 13... b5 {[%clk 1:31:58]} 14. g5 {[%clk 1:14:48]} 14... Nfd7 { [%clk
1:32:06]} 15. Nd5 {[%clk 1:07:03]} 15... Bxd5 {[%clk 1:31:36]} 16. exd5 { [%clk
1:03:58]} 16... O-O {[%clk 1:31:10]} 17. Nd4 {[%clk 0:50:32]} 17... Rfe8 {[%clk
1:31:07]} 18. Qf2 {[%clk 0:40:31]} 18... Rac8 {[%clk 1:26:35]} 19. Kb1 { [%clk
0:37:54]} 19... Bf8 {[%clk 1:21:10]} 20. Bc1 {[%clk 0:34:16]} 20... Qc5 { [%clk
1:13:28]} 21. Qg2 {[%clk 0:21:19]} 21... Nb6 {[%clk 1:11:41]} 22. Nb3 { [%clk
0:21:07]} 22... Qc7 {[%clk 1:06:19]} 23. h4 {[%clk 0:18:35]} 23... Nbc4 { [%clk
1:01:24]} 24. h5 {[%clk 0:17:32]} 24... a5 {[%clk 0:56:35]} 25. Nd4 { [%clk
0:13:32]} 25... Qd7 {[%clk 0:55:52]} 26. b3 {[%clk 0:10:49]} 26... Rb8 { [%clk
0:55:32]} 27. Ka1 {[%clk 0:09:23]} 27... Qb7 {[%clk 0:50:46]} 28. bxc4 { [%clk
0:05:40]} 28... bxc4 {[%clk 0:50:58]} 29. Ba3 {[%clk 0:05:57]} 29... Qd7 {[%clk
0:51:03]} 30. Nc6 {[%clk 0:04:11]} 30... Nxc6 {[%clk 0:49:36]} 31. dxc6 {[%clk
0:04:36]} 31... Qf5 {[%clk 0:49:20]} 32. c3 {[%clk 0:03:03]} 32... Re3 { [%clk
0:48:56]} 33. Bb2 {[%clk 0:01:47]} 33... Rf3 {[%clk 0:48:52]} 34. c7 { [%clk
0:01:02]} 34... Rc8 {[%clk 0:49:02]} 35. Rd2 {[%clk 0:00:41]} 35... Rxc7 {[%clk
0:48:43]} 36. Rg1 {[%clk 0:00:37]} 36... d5 {[%clk 0:47:44]} 37. Be2 { [%clk
0:00:35]} 37... Rf2 {[%clk 0:47:36]} 38. Qg3 {[%clk 0:00:37]} 38... Rb7 { [%clk
0:43:11]} 39. Bg4 {[%clk 0:00:35]} 39... Rxd2 {[%clk 0:42:17]} 40. Bxf5 { [%clk
0:00:59]} 40... Rbxb2 {[%clk 0:42:23]} 41. Bb1 {[%clk 0:29:27]} 41... Rf2
{[%clk 1:08:49]} 42. Re1 {[%clk 0:24:39]} 42... Rbd2 {[%clk 1:06:30]} 43. Re8 {
[%clk 0:23:51]} 43... f6 {[%clk 1:06:45]} 44. g6 {[%clk 0:22:49]} 1-0

[Event "DEM U16w 2017"]
[Site "Willingen GER"]
[Date "2017.06.07"]
[Round "6"]
[White "Ratay, Meike"]
[Black "Reinecke, Katharina"]
[Result "1-0"]
[Termination "normal"]
[Board "7"]
[WhiteElo "1767"]
[BlackElo "1911"]
[WhiteClock "00:10:51"]
[BlackClock "00:02:15"]
[PlyCount "61"]
[WhiteFideId "12977608"]
[BlackFideId "12929727"]
[EventCountry "GER"]
[EventRounds "9"]
[EventType "swiss"]
[EventDate "2017.06.03"]

1. e4 {[%clk 1:30:58]} 1... c6 {[%clk 1:30:55]} 2. Nc3 {[%clk 1:31:23]} 2... d5
{[%clk 1:31:20]} 3. f4 {[%clk 1:31:44]} 3... dxe4 {[%clk 1:24:18]} 4. Nxe4 {
[%clk 1:32:08]} 4... Nf6 {[%clk 1:18:17]} 5. Nf2 {[%clk 1:32:06]} 5... g6 {
[%clk 1:16:52]} 6. Nf3 {[%clk 1:30:29]} 6... Bg7 {[%clk 1:16:03]} 7. g3 { [%clk
1:28:49]} 7... O-O {[%clk 1:14:52]} 8. Bg2 {[%clk 1:27:27]} 8... Na6 { [%clk
1:10:04]} 9. d4 {[%clk 1:20:44]} 9... Bf5 {[%clk 1:07:39]} 10. c3 { [%clk
1:18:50]} 10... Qc8 {[%clk 1:00:57]} 11. O-O {[%clk 1:11:26]} 11... Ng4 { [%clk
0:55:55]} 12. Nd3 {[%clk 1:06:16]} 12... Nc7 {[%clk 0:53:34]} 13. Qe2 { [%clk
1:00:32]} 13... Re8 {[%clk 0:48:57]} 14. h3 {[%clk 0:57:37]} 14... Nf6 { [%clk
0:44:20]} 15. g4 {[%clk 0:54:39]} 15... Be6 {[%clk 0:39:57]} 16. Ng5 { [%clk
0:45:30]} 16... Bd5 {[%clk 0:37:28]} 17. Ne5 {[%clk 0:44:56]} 17... Rf8 { [%clk
0:34:45]} 18. f5 {[%clk 0:38:33]} 18... gxf5 {[%clk 0:28:45]} 19. Rxf5 { [%clk
0:35:40]} 19... h6 {[%clk 0:27:54]} 20. Ne4 {[%clk 0:32:50]} 20... Nxe4 { [%clk
0:25:53]} 21. Bxe4 {[%clk 0:33:08]} 21... Qe6 {[%clk 0:23:05]} 22. Bxd5 { [%clk
0:29:44]} 22... Nxd5 {[%clk 0:22:40]} 23. Qd3 {[%clk 0:28:44]} 23... Rad8
{[%clk 0:19:22]} 24. g5 {[%clk 0:20:38]} 24... hxg5 {[%clk 0:16:25]} 25. Rxg5 {
[%clk 0:20:25]} 25... Nf6 {[%clk 0:11:12]} 26. Qg3 {[%clk 0:18:08]} 26... Ne8 {
[%clk 0:08:39]} 27. Kh2 {[%clk 0:16:56]} 27... f6 {[%clk 0:04:49]} 28. Rg6 {
[%clk 0:16:13]} 28... Kh8 {[%clk 0:03:36]} 29. Bh6 {[%clk 0:11:12]} 29... Qg8 {
[%clk 0:03:47]} 30. Bxg7+ {[%clk 0:10:55]} 30... Nxg7 {[%clk 0:02:15]} 31. Rh6+
{[%clk 0:10:51]} 1-0